[Event "SCO-ch96/1989"]
[Site "St. Andrews"]
[Date "1989.07.19"]
[Round "7"]
[White "Mannion, Stephen R"]
[Black "Grant, Jonathan I M"]
[Result "1-0"]
[WhiteElo "2300"]
[BlackElo "2110"]
[PlyCount "35"]
[EventDate "1989.07.13"]
[EventType "swiss"]
[EventRounds "9"]
[EventCountry "SCO"]
[SourceTitle "BritBase"]
[Source "John Saunders"]
[SourceDate "2025.07.03"]
[SourceVersion "1"]
[SourceVersionDate "2025.07.03"]
[SourceQuality "1"]

1. e4 c6 2. d4 d5 3. e5 Bf5 4. Nc3 e6 5. g4 Bg6 6. Nge2 f6 7. h4 c5 8. h5 Bf7 9. f4 Nc6 10. Be3 cxd4 11. Nxd4 Bb4 12. Bb5 Rc8 13. O-O Bxc3 14. bxc3 fxe5 15. fxe5 Qh4 16. Qf3 Kd8 17. Nxe6+ Kd7 18. Qxd5+ 1-0

[Event "SCO-ch96/1989"]
[Site "St. Andrews"]
[Date "1989.07.19"]
[Round "7"]
[White "McNab, Colin Anderson"]
[Black "Swan, Iain"]
[Result "1/2-1/2"]
[WhiteElo "2435"]
[BlackElo "2280"]
[PlyCount "95"]
[EventDate "1989.07.13"]
[EventType "swiss"]
[EventRounds "9"]
[EventCountry "SCO"]
[SourceTitle "BritBase"]
[Source "John Saunders"]
[SourceDate "2025.07.03"]
[SourceVersion "1"]
[SourceVersionDate "2025.07.03"]
[SourceQuality "1"]

1. c4 e6 2. Nf3 Nf6 3. g3 d5 4. b3 a5 5. Bb2 a4 6. Na3 c6 7. Bg2 Be7 8. O-O Qa5 9. Nc2 O-O 10. Rb1 axb3 11. axb3 Na6 12. d3 Bd7 13. Ne5 Rfd8 14. Qc1 Be8 15. Nd4 Nb4 16. Ndf3 Nd7 17. Nxd7 Bxd7 18. d4 Be8 19. Bc3 Qc7 20. Qd2 Ra2 21. Rb2 Rxb2 22. Qxb2 Ra8 23. c5 Na6 24. Ra1 Qc8 25. Ba5 f6 26. Bb6 Nc7 27. Bxc7 Rxa1+ 28. Qxa1 Qxc7 29. b4 Kf7 30. h4 b6 31. Bh3 bxc5 32. bxc5 e5 33. dxe5 Bxc5 34. Kg2 Bd7 35. Bxd7 Qxd7 36. Qc1 Be7 37. Qf4 Kg8 38. h5 fxe5 39. Qxe5 Bd6 40. Qd4 Qe7 41. Qg4 Qxe2 42. Qc8+ Bf8 43. Qxc6 Qe4 44. Qc3 Qf5 45. Qe5 Qxe5 46. Nxe5 Bd6 47. Nd3 g6 48. hxg6 1/2-1/2

[Event "SCO-ch96/1989"]
[Site "St. Andrews"]
[Date "1989.07.19"]
[Round "7"]
[White "Morrison, Graham"]
[Black "Condie, Mark L"]
[Result "1/2-1/2"]
[WhiteElo "2325"]
[BlackElo "2445"]
[PlyCount "84"]
[EventDate "1989.07.13"]
[EventType "swiss"]
[EventRounds "9"]
[EventCountry "SCO"]
[SourceTitle "BritBase"]
[Source "John Saunders"]
[SourceDate "2025.07.03"]
[SourceVersion "1"]
[SourceVersionDate "2025.07.03"]
[SourceQuality "1"]

1. c4 e6 2. Nf3 f5 3. g3 Nf6 4. Bg2 Be7 5. O-O O-O 6. d3 d5 7. b3 Nc6 8. Bb2 Bd7 9. Nbd2 Be8 10. a3 a5 11. cxd5 exd5 12. Rc1 Bh5 13. Rc2 Qd7 14. Qa1 Bd6 15. Rfc1 f4 16. Nf1 Rae8 17. e3 fxg3 18. hxg3 Bxf3 19. Bxf3 Qf5 20. Bg2 Ne5 21. Bxe5 Bxe5 22. d4 Bd6 23. Qa2 Ne4 24. b4 axb4 25. axb4 Re6 26. b5 Kh8 27. f4 g5 28. Bxe4 Qxe4 29. Rg2 Rg6 30. Qb1 Qe6 31. Rcc2 gxf4 32. gxf4 Qf5 33. Qa2 Bxf4 34. exf4 Qxf4 35. Qa1 Rgf6 36. Rcf2 Qxf2+ 37. Rxf2 Rxf2 38. Ng3 R2f3 39. Kg2 Rf2+ 40. Kg1 R2f3 41. Kg2 Rf2+ 42. Kh3 R2f3 (42... R2f3 43. Qd1 $1 Re3 44. Kh4 {Crouch, CHESS, October 1989, Vol.54/7, p11}) 1/2-1/2

[Event "SCO-ch96/1989"]
[Site "St. Andrews"]
[Date "1989.07.19"]
[Round "7"]
[White "Roberts, Paul E"]
[Black "Muir, Andrew Joseph"]
[Result "0-1"]
[WhiteElo "1865"]
[BlackElo "2250"]
[PlyCount "50"]
[EventDate "1989.07.13"]
[EventType "swiss"]
[EventRounds "9"]
[EventCountry "SCO"]
[SourceTitle "BritBase"]
[Source "John Saunders"]
[SourceDate "2025.07.03"]
[SourceVersion "1"]
[SourceVersionDate "2025.07.03"]
[SourceQuality "1"]

1. e4 c5 2. Nf3 Nc6 3. d4 cxd4 4. Nxd4 Nf6 5. Nc3 d6 6. Bc4 e6 7. Be3 Be7 8. Qe2 a6 9. Bb3 Qc7 10. O-O-O Na5 11. g4 b5 12. g5 Nxb3+ 13. axb3 Nd7 14. h4 b4 15. Na4 Nc5 16. Qc4 Bd7 17. h5 Rc8 18. Qxb4 Nxa4 19. bxa4 e5 20. c3 Rb8 21. Nb5 axb5 22. a5 d5 23. Bb6 Qxb6 24. Qxe7+ Kxe7 25. axb6 dxe4 0-1

[Event "SCO-ch96/1989"]
[Site "St. Andrews"]
[Date "1989.07.19"]
[Round "7"]
[White "Upton, Timothy J"]
[Black "Buchanan, Walter F"]
[Result "0-1"]
[WhiteElo "2305"]
[BlackElo "2205"]
[PlyCount "76"]
[EventDate "1989.07.13"]
[EventType "swiss"]
[EventRounds "9"]
[EventCountry "SCO"]
[SourceTitle "BritBase"]
[Source "John Saunders"]
[SourceDate "2025.07.03"]
[SourceVersion "1"]
[SourceVersionDate "2025.07.03"]
[SourceQuality "1"]

1. e4 e6 2. d4 d5 3. Nd2 a6 4. Ngf3 c5 5. exd5 exd5 6. Be2 c4 7. O-O Bd6 8. c3 Ne7 9. b3 b5 10. Re1 Nbc6 11. Nf1 O-O 12. Bg5 Qc7 13. a4 Be6 14. b4 Ng6 15. Qc2 Rae8 16. Nh4 f6 17. Nxg6 hxg6 18. Bh4 Bf5 19. Qd1 Be4 20. Bg3 Kf7 21. Ne3 Ne7 22. axb5 axb5 23. Ra5 Rh8 24. Bf3 Bxg3 25. hxg3 f5 26. Bxe4 dxe4 27. Rxb5 Rh7 28. Rc5 Reh8 29. Kf1 Qa7 30. Ra5 Qc7 31. Rc5 Qa7 32. Nxc4 Qa2 33. Qd2 Rh1+ 34. Ke2 Rxe1+ 35. Kxe1 Rh1+ 36. Ke2 Qb1 37. Ne3 f4 38. gxf4 Re1+ 0-1

[Event "SCO-ch96/1989"]
[Site "St. Andrews"]
[Date "1989.07.19"]
[Round "7"]
[White "McKay, Roderick McIntosh"]
[Black "Bryson, Douglas Marshall"]
[Result "0-1"]
[WhiteElo "2390"]
[BlackElo "2275"]
[PlyCount "80"]
[EventDate "1989.07.13"]
[EventType "swiss"]
[EventRounds "9"]
[EventCountry "SCO"]
[SourceTitle "BritBase"]
[Source "John Saunders"]
[SourceDate "2025.07.03"]
[SourceVersion "1"]
[SourceVersionDate "2025.07.03"]
[SourceQuality "1"]

1. Nf3 d5 2. b3 c5 3. e3 Nc6 4. Bb5 Qc7 5. Bb2 a6 6. Bxc6+ Qxc6 7. c4 dxc4 8. bxc4 Bg4 9. Nc3 O-O-O 10. Ne5 Bxd1 11. Nxc6 bxc6 12. Rxd1 e5 13. Na4 f6 14. Ke2 Nh6 15. Ba3 Nf5 16. Bxc5 Bxc5 17. Nxc5 Nd6 18. Rb1 a5 19. Rhc1 Rhe8 20. e4 Kc7 21. d3 Ra8 22. a4 Ra7 23. Rb2 Nf7 24. Rcb1 Nd8 25. Rb8 Re7 26. Ke3 Kd6 27. d4 exd4+ 28. Kxd4 Kc7 29. f3 Re5 30. Nd3 Re8 31. Kc3 Re7 32. h3 Nb7 33. Rh8 h6 34. g4 Kd6 35. Kd4 Rd7 36. Re8 Kc7+ 37. Kc3 Nd6 38. Re6 Rb7 39. Rxb7+ Nxb7 40. h4 Rxd3+ 0-1

[Event "SCO-ch96/1989"]
[Site "St. Andrews"]
[Date "1989.07.20"]
[Round "8"]
[White "Condie, Mark L"]
[Black "Mannion, Stephen R"]
[Result "1-0"]
[WhiteElo "2445"]
[BlackElo "2300"]
[PlyCount "74"]
[EventDate "1989.07.13"]
[EventType "swiss"]
[EventRounds "9"]
[EventCountry "SCO"]
[SourceTitle "BritBase"]
[Source "John Saunders"]
[SourceDate "2025.07.03"]
[SourceVersion "1"]
[SourceVersionDate "2025.07.03"]
[SourceQuality "1"]

1. d4 Nf6 2. Nf3 c5 3. d5 b5 4. Bg5 d6 5. a4 b4 6. Bxf6 exf6 7. e4 g6 8. Bb5+ Bd7 9. Nbd2 Bg7 10. Nc4 Qc7 11. O-O O-O 12. Bxd7 Nxd7 13. Nfd2 Rfe8 14. f4 Rad8 15. Qf3 f5 16. exf5 gxf5 17. Qh5 Nf6 18. Qxf5 Qb7 19. Rae1 Rxe1 20. Rxe1 Qxd5 21. Qxd5 Nxd5 22. Ne4 Nxf4 23. Nexd6 Bxb2 24. Re7 Ng6 25. Rxa7 Ne5 26. a5 Bc3 27. a6 Nxc4 28. Nxc4 Rd4 29. Rb7 Rf4 30. g3 Rxc4 31. a7 Bd4+ 32. Kh1 Rxc2 33. a8=Q+ Kg7 34. Qd8 h6 35. Rb8 Rf2 36. Rxb4 cxb4 37. Qxd4+ Rf6 {time} 1-0

[Event "SCO-ch96/1989"]
[Site "St. Andrews"]
[Date "1989.07.20"]
[Round "8"]
[White "Grant, Jonathan I M"]
[Black "Morrison, Graham"]
[Result "1/2-1/2"]
[WhiteElo "2110"]
[BlackElo "2325"]
[PlyCount "60"]
[EventDate "1989.07.13"]
[EventType "swiss"]
[EventRounds "9"]
[EventCountry "SCO"]
[SourceTitle "BritBase"]
[Source "John Saunders"]
[SourceDate "2025.07.03"]
[SourceVersion "1"]
[SourceVersionDate "2025.07.03"]
[SourceQuality "1"]

1. c4 e6 2. Nf3 d5 3. b3 Nf6 4. g3 a5 5. Bb2 Be7 6. Bg2 a4 7. Qc1 O-O 8. O-O c6 9. d3 Qb6 10. Nbd2 a3 11. Bc3 Na6 12. d4 Qc7 13. c5 b6 14. b4 Qb7 15. e4 Nc7 16. Ne5 Nb5 17. Rb1 Rd8 18. Ba1 bxc5 19. bxc5 Qc7 20. Re1 Bb7 21. exd5 Nxd5 22. Rb3 Ra4 23. Ndf3 Ba6 24. h4 Bf6 25. Qb1 g6 26. Bh3 Bxe5 27. Rxe5 Ne7 28. Qe4 Rd5 29. Qf4 Rxe5 30. Nxe5 Nf5 1/2-1/2

[Event "SCO-ch96/1989"]
[Site "St. Andrews"]
[Date "1989.07.20"]
[Round "8"]
[White "Holmes, Donald A"]
[Black "Buchanan, Walter F"]
[Result "1-0"]
[WhiteElo "2310"]
[BlackElo "2205"]
[PlyCount "87"]
[EventDate "1989.07.13"]
[EventType "swiss"]
[EventRounds "9"]
[EventCountry "SCO"]
[SourceTitle "BritBase"]
[Source "John Saunders"]
[SourceDate "2025.07.03"]
[SourceVersion "1"]
[SourceVersionDate "2025.07.03"]
[SourceQuality "1"]

1. e4 e6 2. d4 d5 3. Nd2 a6 4. Ngf3 c5 5. dxc5 Bxc5 6. Bd3 Ne7 7. O-O Nbc6 8. exd5 Nxd5 9. Ne4 Be7 10. c4 Nf6 11. Qe2 Qc7 12. Re1 Ng4 13. Ng3 Bc5 14. Rf1 Nge5 15. Bf4 Bd6 16. Nxe5 Nxe5 17. Bxe5 Bxe5 18. Rae1 Bd6 19. a3 a5 20. Nf5 Bxh2+ 21. Kh1 g6 22. g3 gxf5 23. Kxh2 Kf8 24. Qh5 Bd7 25. Qh6+ Kg8 26. Bxf5 Qd8 27. Be4 Qf8 28. Qd2 Bc6 29. Bxc6 bxc6 30. Re5 Qe7 31. Rxa5 Rd8 32. Qe3 h6 33. Ra6 Qd6 34. b4 Kg7 35. b5 Qd3 36. Qxd3 Rxd3 37. Rxc6 Rxa3 38. b6 Rb3 39. c5 Rd8 40. Rc7 Rd2 41. b7 Rdb2 42. c6 Kf6 43. Kg2 e5 44. Rd7 1-0

[Event "SCO-ch96/1989"]
[Site "St. Andrews"]
[Date "1989.07.20"]
[Round "8"]
[White "McNab, Colin Anderson"]
[Black "MacKay, Ian D"]
[Result "1/2-1/2"]
[WhiteElo "2435"]
[BlackElo "2335"]
[PlyCount "30"]
[EventDate "1989.07.13"]
[EventType "swiss"]
[EventRounds "9"]
[EventCountry "SCO"]
[SourceTitle "BritBase"]
[Source "John Saunders"]
[SourceDate "2025.07.03"]
[SourceVersion "1"]
[SourceVersionDate "2025.07.03"]
[SourceQuality "1"]

1. c4 c6 2. Nf3 d5 3. e3 Nf6 4. Nc3 e6 5. Qc2 Bd6 6. d4 Nbd7 7. Bd2 dxc4 8. Bxc4 O-O 9. Bd3 Re8 10. O-O-O c5 11. Kb1 a6 12. Ng5 Nf8 13. dxc5 Bxc5 14. h4 h6 15. Be1 Bd7 1/2-1/2

[Event "SCO-ch96/1989"]
[Site "St. Andrews"]
[Date "1989.07.20"]
[Round "8"]
[White "Muir, Andrew Joseph"]
[Black "Upton, Timothy J"]
[Result "1-0"]
[WhiteElo "2250"]
[BlackElo "2305"]
[PlyCount "85"]
[EventDate "1989.07.13"]
[EventType "swiss"]
[EventRounds "9"]
[EventCountry "SCO"]
[SourceTitle "BritBase"]
[Source "John Saunders"]
[SourceDate "2025.07.03"]
[SourceVersion "1"]
[SourceVersionDate "2025.07.03"]
[SourceQuality "1"]

1. d4 d5 2. c4 e6 3. Nc3 Be7 4. Nf3 Nf6 5. Bg5 O-O 6. Rc1 h6 7. Bxf6 Bxf6 8. e3 c6 9. Bd3 Nd7 10. O-O dxc4 11. Bxc4 e5 12. h3 exd4 13. exd4 Nb6 14. Bb3 Bf5 15. Re1 a5 16. a3 Re8 17. g4 Bg6 18. Rxe8+ Qxe8 19. Qd2 Qd7 20. Qf4 Rd8 21. Re1 Nd5 22. Nxd5 cxd5 23. h4 Be4 24. g5 Bxf3 25. gxf6 Qh3 26. Qh2 Qxh2+ 27. Kxh2 gxf6 28. Kg3 Be4 29. Rc1 Rd6 30. Rc5 f5 31. Kf4 Rb6 32. Rc3 Bb1 33. f3 Kf8 34. Bxd5 Rxb2 35. Rc7 b5 36. Ke5 Rc2 37. Rxf7+ Ke8 38. Rb7 Rc3 39. Rxb5 Bd3 40. Rxa5 Be2 41. Ra8+ Ke7 42. Ra7+ Kd8 43. Kd6 1-0

[Event "SCO-ch96/1989"]
[Site "St. Andrews"]
[Date "1989.07.20"]
[Round "8"]
[White "Roberts, Paul E"]
[Black "McKay, Roderick McIntosh"]
[Result "0-1"]
[WhiteElo "1865"]
[BlackElo "2390"]
[PlyCount "82"]
[EventDate "1989.07.13"]
[EventType "swiss"]
[EventRounds "9"]
[EventCountry "SCO"]
[SourceTitle "BritBase"]
[Source "John Saunders"]
[SourceDate "2025.07.03"]
[SourceVersion "1"]
[SourceVersionDate "2025.07.03"]
[SourceQuality "1"]

1. e4 c5 2. Nf3 d6 3. d4 cxd4 4. Nxd4 Nf6 5. Nc3 e6 6. g4 h6 7. h4 Be7 8. Bg2 g6 9. g5 hxg5 10. Bxg5 a6 11. Qd2 e5 12. Nb3 Be6 13. O-O-O Nbd7 14. Bh3 b5 15. Qe3 Bxh3 16. Bxf6 Nxf6 17. Rxh3 Qc7 18. f4 Rc8 19. Rd2 Qc4 20. fxe5 dxe5 21. Na5 Qc5 22. Qxc5 Rxc5 23. Nb7 Rc6 24. Na5 Rc8 25. Nb7 b4 26. Nd5 Nxe4 27. Nxe7 Kxe7 28. Rd5 f6 29. Rb3 Rxh4 30. Rxb4 Rh1+ 31. Rd1 Rxd1+ 32. Kxd1 f5 33. Rb6 g5 34. Na5 Rd8+ 35. Ke1 Rd6 36. Rb7+ Kf6 37. c4 g4 38. b4 g3 39. Kf1 Rd2 40. c5 Rf2+ 41. Kg1 Nd2 0-1

[Event "SCO-ch96/1989"]
[Site "St. Andrews"]
[Date "1989.07.20"]
[Round "8"]
[White "Swan, Iain"]
[Black "Bryson, Douglas Marshall"]
[Result "1/2-1/2"]
[WhiteElo "2280"]
[BlackElo "2275"]
[PlyCount "50"]
[EventDate "1989.07.13"]
[EventType "swiss"]
[EventRounds "9"]
[EventCountry "SCO"]
[SourceTitle "BritBase"]
[Source "John Saunders"]
[SourceDate "2025.07.03"]
[SourceVersion "1"]
[SourceVersionDate "2025.07.03"]
[SourceQuality "1"]

1. e4 d5 2. exd5 Qxd5 3. Nc3 Qa5 4. d4 Nf6 5. Nf3 Bf5 6. Bc4 e6 7. Bd2 c6 8. Qe2 Bb4 9. O-O-O Nbd7 10. a3 Bxc3 11. Bxc3 Qc7 12. Ne5 Nxe5 13. Qxe5 O-O-O 14. Qxc7+ Kxc7 15. Bd2 Nd5 16. Ba2 b6 17. c4 Ne7 18. Bf4+ Kb7 19. Rd2 Rd7 20. Rhd1 Rhd8 21. h3 Bg6 22. g4 h5 23. f3 hxg4 24. hxg4 Rh8 25. Rh2 Rxh2 1/2-1/2

[Event "SCO-ch96/1989"]
[Site "St. Andrews"]
[Date "1989.07.21"]
[Round "9"]
[White "Bryson, Douglas Marshall"]
[Black "Mannion, Stephen R"]
[Result "1/2-1/2"]
[WhiteElo "2275"]
[BlackElo "2300"]
[PlyCount "81"]
[EventDate "1989.07.13"]
[EventType "swiss"]
[EventRounds "9"]
[EventCountry "SCO"]
[SourceTitle "BritBase"]
[Source "John Saunders"]
[SourceDate "2025.07.03"]
[SourceVersion "1"]
[SourceVersionDate "2025.07.03"]
[SourceQuality "1"]

1. e4 e5 2. Nf3 Nc6 3. Bb5 a6 4. Ba4 Nf6 5. O-O Be7 6. Re1 b5 7. Bb3 d6 8. c3 O-O 9. d4 Bg4 10. Be3 exd4 11. cxd4 Na5 12. Bc2 Nc4 13. Bc1 c5 14. b3 Nb6 15. Nbd2 cxd4 16. Bb2 d3 17. Bxd3 Nfd7 18. h3 Nc5 19. Bc2 Bh5 20. Nf1 Bf6 21. Bxf6 Qxf6 22. Re3 Rad8 23. Ng3 Bg6 24. h4 d5 25. e5 Qf4 26. Bxg6 hxg6 27. Ne2 Qg4 28. Qd4 Qxd4 29. Nexd4 Rc8 30. Ng5 Rfe8 31. Rae1 Nb7 32. f4 Nd8 33. f5 Nc6 34. fxg6 fxg6 35. Nxc6 Rxc6 36. e6 Nc8 37. Nf3 Ne7 38. Nd4 Rd6 39. Re5 Nc6 40. Nxc6 Rxc6 41. Rxd5 1/2-1/2

[Event "SCO-ch96/1989"]
[Site "St. Andrews"]
[Date "1989.07.21"]
[Round "9"]
[White "Buchanan, Walter F"]
[Black "Muir, Andrew Joseph"]
[Result "0-1"]
[WhiteElo "2205"]
[BlackElo "2250"]
[PlyCount "82"]
[EventDate "1989.07.13"]
[EventType "swiss"]
[EventRounds "9"]
[EventCountry "SCO"]
[SourceTitle "BritBase"]
[Source "John Saunders"]
[SourceDate "2025.07.03"]
[SourceVersion "1"]
[SourceVersionDate "2025.07.03"]
[SourceQuality "1"]

1. e4 c5 2. Nf3 Nc6 3. Bb5 g6 4. O-O Bg7 5. Bxc6 dxc6 6. d3 Nf6 7. Nbd2 O-O 8. h3 Ne8 9. Qe2 Nc7 10. Kh1 Ne6 11. Nb3 a5 12. a4 b5 13. Rd1 Qc7 14. Qe3 Rd8 15. c3 c4 16. Nbd4 Nc5 17. axb5 Nxd3 18. Rxd3 cxd3 19. Nxc6 Rd7 20. Nb4 Bb7 21. Nxd3 Rad8 22. b6 Qc6 23. Nfe1 a4 24. Kh2 Rxd3 25. Nxd3 Qd6+ 26. Nf4 g5 27. Qg3 gxf4 28. Bxf4 e5 29. Bg5 Ra8 30. Be3 Bxe4 31. c4 f5 32. c5 Qc6 33. f4 exf4 34. Bxf4 Qxc5 35. Rc1 Qxb6 36. Rc7 Qg6 37. Qf2 Re8 38. Ra7 h5 39. Rxa4 Rc8 40. Bd2 Rc2 41. Rb4 Qd6+ 0-1

[Event "SCO-ch96/1989"]
[Site "St. Andrews"]
[Date "1989.07.21"]
[Round "9"]
[White "Grant, Jonathan I M"]
[Black "Swan, Iain"]
[Result "0-1"]
[WhiteElo "2110"]
[BlackElo "2280"]
[PlyCount "88"]
[EventDate "1989.07.13"]
[EventType "swiss"]
[EventRounds "9"]
[EventCountry "SCO"]
[SourceTitle "BritBase"]
[Source "John Saunders"]
[SourceDate "2025.07.03"]
[SourceVersion "1"]
[SourceVersionDate "2025.07.03"]
[SourceQuality "1"]

1. c4 e6 2. Nf3 Nf6 3. g3 d5 4. b3 a5 5. Bb2 Be7 6. Bg2 a4 7. Qc1 c6 8. O-O O-O 9. d3 Qa5 10. Nbd2 b5 11. Rb1 Na6 12. Ne5 Bd7 13. e4 Rac8 14. d4 Rfd8 15. Rd1 Rc7 16. c5 b4 17. a3 Ra7 18. Ra1 axb3 19. exd5 exd5 20. Nxb3 Qc7 21. Qd2 bxa3 22. Rxa3 Rda8 23. Rda1 Nb8 24. Na5 Bd8 25. Bc3 Be6 26. Qb2 Ne4 27. Bxe4 dxe4 28. Nac4 f6 29. Ba5 Rxa5 30. Rxa5 Rxa5 31. Nxa5 fxe5 32. Nb7 exd4 33. Nxd8 Qxd8 34. Ra8 Kf7 35. Rxb8 Qd5 36. Qb7+ Kg6 37. Qe7 d3 38. Rb7 Qe5 39. Qd6 Qxd6 40. cxd6 d2 41. Rb1 Bg4 42. f3 e3 43. d7 Bxd7 44. Kf1 Bf5 0-1

[Event "SCO-ch96/1989"]
[Site "St. Andrews"]
[Date "1989.07.21"]
[Round "9"]
[White "Holmes, Donald A"]
[Black "Roberts, Paul E"]
[Result "1/2-1/2"]
[WhiteElo "2310"]
[BlackElo "1865"]
[PlyCount "71"]
[EventDate "1989.07.13"]
[EventType "swiss"]
[EventRounds "9"]
[EventCountry "SCO"]
[SourceTitle "BritBase"]
[Source "John Saunders"]
[SourceDate "2025.07.03"]
[SourceVersion "1"]
[SourceVersionDate "2025.07.03"]
[SourceQuality "1"]

1. e4 e6 2. d4 d5 3. Nd2 Nc6 4. Ngf3 Nf6 5. e5 Nd7 6. Nb3 f6 7. Bb5 Be7 8. O-O O-O 9. Bxc6 bxc6 10. Na5 Nb8 11. c4 Ba6 12. Qa4 Kh8 13. Be3 dxc4 14. Nxc4 Qd5 15. Rac1 f5 16. Bg5 Bxg5 17. Nxg5 h6 18. Nf3 Bb5 19. Qc2 a5 20. a4 Ba6 21. Rfd1 Bb7 22. Ne3 Qd7 23. Qc3 Qe7 24. Nc4 Qb4 25. Qxb4 axb4 26. b3 Rd8 27. Ne1 c5 28. dxc5 Nc6 29. Nc2 Ba6 30. Nb2 g5 31. f3 Kg7 32. Kf2 Kf7 33. g3 f4 34. gxf4 gxf4 35. Rb1 Kg6 36. Ne1 1/2-1/2

[Event "SCO-ch96/1989"]
[Site "St. Andrews"]
[Date "1989.07.21"]
[Round "9"]
[White "McKay, Roderick McIntosh"]
[Black "Morrison, Graham"]
[Result "1-0"]
[WhiteElo "2390"]
[BlackElo "2325"]
[PlyCount "125"]
[EventDate "1989.07.13"]
[EventType "swiss"]
[EventRounds "9"]
[EventCountry "SCO"]
[SourceTitle "BritBase"]
[Source "John Saunders"]
[SourceDate "2025.07.03"]
[SourceVersion "1"]
[SourceVersionDate "2025.07.03"]
[SourceQuality "1"]

1. Nf3 Nf6 2. d4 g6 3. Bg5 Bg7 4. Nbd2 O-O 5. e3 d6 6. Bd3 Qe8 7. c3 e5 8. O-O h6 9. Bxf6 Bxf6 10. a4 Bg7 11. a5 f5 12. dxe5 dxe5 13. e4 Kh8 14. b4 Qe7 15. Nc4 f4 16. Be2 a6 17. Nfd2 h5 18. Kh1 Nc6 19. g4 fxg3 20. fxg3 Be6 21. Nf3 Bh3 22. Rg1 Bh6 23. Qe1 Kg7 24. Rd1 Rad8 25. Rxd8 Rxd8 26. Qb1 Qf6 27. Rd1 Rxd1+ 28. Qxd1 Be6 29. Kg2 g5 30. Qd3 g4 31. Nh4 Bg5 32. Nf5+ Bxf5 33. exf5 Ne7 34. Qe4 Nxf5 35. Bd3 Nd6 36. Nxd6 cxd6 37. Qxb7+ Kf8 38. Qb8+ Kg7 39. Qc7+ Kf8 40. Qc8+ Kg7 41. Qb7+ Kf8 42. Qa8+ Kg7 43. Qe4 Bd2 44. b5 Bxc3 45. bxa6 Bd4 46. Qb7+ Kf8 47. Qc8+ Kg7 48. Qd7+ Kf8 49. Bf5 Qh6 50. Qc8+ Ke7 51. Qc7+ Kf8 52. Qc2 d5 53. Qc8+ Ke7 54. Qc7+ Kf8 55. Qd8+ Kg7 56. Qe7+ Kh8 57. Qb4 Qf6 58. Qb8+ Kg7 59. Qc7+ Kh6 60. Qc1+ Kg7 61. Qc7+ Kh6 62. Qh7+ Kg5 63. a7 1-0

[Event "SCO-ch96/1989"]
[Site "St. Andrews"]
[Date "1989.07.21"]
[Round "9"]
[White "Upton, Timothy J"]
[Black "MacKay, Ian D"]
[Result "0-1"]
[WhiteElo "2305"]
[BlackElo "2335"]
[PlyCount "122"]
[EventDate "1989.07.13"]
[EventType "swiss"]
[EventRounds "9"]
[EventCountry "SCO"]
[SourceTitle "BritBase"]
[Source "John Saunders"]
[SourceDate "2025.07.03"]
[SourceVersion "1"]
[SourceVersionDate "2025.07.03"]
[SourceQuality "1"]

1. e4 c5 2. Nf3 e6 3. d4 cxd4 4. Nxd4 Nc6 5. Nc3 a6 6. Be2 Qc7 7. O-O Nf6 8. Be3 d6 9. f4 Bd7 10. Qe1 Be7 11. Qg3 O-O-O 12. Rad1 h5 13. e5 dxe5 14. Nxc6 Bxc6 15. fxe5 h4 16. Rxd8+ Rxd8 17. Qxh4 Qxe5 18. Qg5 Qc7 19. Bf4 Qb6+ 20. Be3 Qxb2 21. Qa5 Bb4 22. Na4 Bxa5 23. Nxb2 Bc3 24. Nd3 Nd5 25. Bc5 f6 26. Bg4 f5 27. Bh5 b6 28. Bf2 Rf8 29. Rb1 e5 30. Nc1 Ba5 31. Nd3 e4 32. Ne5 Bb7 33. Nc4 Bc3 34. Bxb6 Nxb6 35. Nxb6+ Kc7 36. Kf1 a5 37. Be2 f4 38. Na4 Bd4 39. Rd1 Rd8 40. c3 Bf6 41. Rxd8 Kxd8 42. Nc5 Bc6 43. Ne6+ Ke7 44. Nxf4 Bxc3 45. Bc4 Kd6 46. Ne2 Bf6 47. Kf2 Kc5 48. Bg8 Bg5 49. g3 Bd2 50. h4 Bd7 51. Nf4 Bxf4 52. gxf4 Kd4 53. Bh7 Be8 54. Bf5 Bh5 55. Bh7 Kd3 56. a3 Bf3 57. Ke1 Ke3 58. f5 Kf4 59. Bg6 e3 60. Kf1 Bg4 61. h5 Bxf5 0-1